Statistics for Elden Ring Weapons & Equipment

Click here to take the quiz!

General Stats

  • This quiz has been taken 171 times
  • The average score is 64 of 377

Answer Stats

Weapon CategoryAnswer% Correct
KatanasRivers of Blood
72%
KatanasUchigatana
67%
DaggersDagger
66%
KatanasMoonveil
66%
Colossal SwordsGreatsword
64%
TwinbladesTwinblade
59%
TorchesTorch
55%
DaggersReduvia
49%
SpearsSpear
45%
HalberdsHalberd
43%
KatanasNagakiba
43%
GreataxesGreataxe
42%
GreatswordsBlasphemous Blade
41%
TwinbladesGodskin Peeler
41%
KatanasHand of Malenia
41%
Sacred SealsDragon Communion Seal
39%
Sacred SealsFinger Seal
39%
FlailsFlail
39%
Straight SwordsShort Sword
39%
WhipsWhip
39%
Curved GreatswordsBloodhound's Fang
38%
DaggersBlack Knife
37%
DaggersErdsteel Dagger
37%
HammersHammer
36%
BowsLongbow
36%
GreataxesAxe of Godrick
34%
Straight SwordsLongsword
34%
Colossal SwordsMaliketh's Black Blade
34%
DaggersMiséricorde
34%
Thrusting SwordsRapier
34%
Glintstone StaffsGlintstone Staff
33%
Sacred SealsGolden Order Seal
33%
Straight SwordsBroadsword
32%
GreatswordsDark Moon Greatsword
32%
TwinbladesGargoyle's Twinblade
32%
HalberdsGolden Halberd
32%
HammersMarika's Hammer
32%
KatanasSerpentbone Blade
32%
Small ShieldsBuckler
30%
Sacred SealsErdtree Seal
30%
KatanasMeteoric Ore Blade
30%
Light BowsShortbow
30%
Straight SwordsSword of Night and Flame
30%
Colossal SwordsZweihander
30%
Heavy Thrusting SwordsGodskin Stitcher
29%
Thrusting SwordsRogier's Rapier
29%
ReapersScythe
29%
FistsCaestus
28%
TorchesGhostflame Torch
28%
GreatbowsGreatbow
28%
AxesHand Axe
28%
GreatbowsLion Greatbow
28%
GreatswordsLordsworn's Greatsword
28%
TorchesSt Trina's Torch
28%
SpearsBolt of Gransax
26%
KatanasDragonscale Blade
26%
TwinbladesEleonora's Poleblade
26%
Thrusting SwordsEstoc
26%
Colossal SwordsGrafted Blade Greatsword
26%
Curved GreatswordsMorgott's Cursed Sword
26%
Great SpearsSerpent-Hunter
26%
Thrusting SwordsAntspur Rapier
25%
TorchesBeast-Repellent Torch
25%
GreatswordsClaymore
25%
DaggersCrystal Knife
25%
Straight SwordsCrystal Sword
25%
DaggersGlintstone Kris
25%
GreatswordsGolden Order Greatsword
25%
BallistaeJar Cannon
25%
Great SpearsLance
25%
Curved SwordsScimitar
25%
FistsStar Fist
25%
Colossal WeaponsAxe of Godfrey
24%
DaggersBlade of Calling
24%
HammersClub
24%
GreatswordsDeath's Poker
24%
Colossal SwordsGodslayer's Greatsword
24%
Heavy Thrusting SwordsGreat Épée
24%
DaggersGreat Knife
24%
Straight SwordsLordsworn's Straight Sword
24%
Glintstone StaffsStaff of Loss
24%
Colossal SwordsStarscourge Greatsword
24%
DaggersWakizashi
24%
Curved SwordsWing of Astel
24%
ClawsBloodhound Claws
22%
Straight SwordsCarian Knight's Sword
22%
DaggersCinquedea
22%
Great HammersGreat Stars
22%
HammersMorning Star
22%
DaggersParrying Dagger
22%
BowsPulley Bow
22%
Colossal SwordsRuins Greatsword
22%
Curved SwordsShotel
22%
Great SpearsVyke's War Spear
22%
Glintstone StaffsAstrologer's Staff
21%
BowsBlack Bow
21%
Sacred SealsFrenzied Flame Seal
21%
GreatswordsGargoyle's Blackblade
21%
WhipsGiant's Red Braid
21%
Sacred SealsGodslayer's Seal
21%
FistsGrafted Dragon
21%
Colossal WeaponsGreat Club
21%
WhipsHoslow's Petal Whip
21%
FistsIron Ball
21%
GreatswordsMarais Executioner's Sword
21%
Glintstone StaffsMeteorite Staff
21%
GreatswordsSacred Relic Sword
21%
TorchesSentry's Torch
21%
Straight SwordsCoded Sword
20%
Thrusting SwordsFrozen Needle
20%
Colossal WeaponsGiant-Crusher
20%
BallistaeHand Ballista
20%
CrossbowsHeavy Crossbow
20%
HammersMace
20%
SpearsShort Spear
20%
Straight SwordsSword of St. Trina
20%
Colossal SwordsTroll Knight's Sword
20%
Straight SwordsWeathered Straight Sword
20%
ReapersWinged Scythe
20%
FlailsBastard's Stars
18%
Heavy Thrusting SwordsBloody Helice
18%
Great HammersBrick Hammer
18%
Glintstone StaffsCarian Glintstone Staff
18%
Thrusting SwordsCleanrot Knight's Sword
18%
Curved GreatswordsDismounter
18%
Curved SwordsEclipse Shotel
18%
Curved SwordsFalchion
18%
FlailsFamily Heads
18%
Sacred SealsGiant's Seal
18%
Straight SwordsGolden Epitaph
18%
ClawsHookclaws
18%
DaggersIvory Sickle
18%
CrossbowsLight Crossbow
18%
Glintstone StaffsLusat's Glintstone Staff
18%
Great SpearsMohgwyn's Sacred Spear
18%
Thrusting SwordsNoble's Estoc
18%
Curved SwordsNox Flowing Sword
18%
Curved GreatswordsOmen Cleaver
18%
SpearsPartisan
18%
Straight SwordsRotten Crystal Sword
18%
DaggersScorpion's Stinger
18%
FistsSpiked Caestus
18%
TorchesSteel-Wire Torch
18%
AxesStormhawk Axe
18%
WhipsUrumi
18%
HammersWarpick
18%
Glintstone StaffsAcademy Glintstone Staff
17%
Curved SwordsBandit's Curved Sword
17%
GreatswordsBastard Sword
17%
DaggersBloodstained Dagger
17%
Straight SwordsCane Sword
17%
DaggersCelebrant's Sickle
17%
Sacred SealsClawmark Seal
17%
Glintstone StaffsDemi-Human Queen's Staff
17%
HalberdsDragon Halberd
17%
Heavy Thrusting SwordsDragon King's Cragblade
17%
ReapersGrave Scythe
17%
Curved SwordsMagma Blade
17%
FlailsNightrider Flail
17%
GreatswordsOrdovis's Greatsword
17%
SpearsPike
17%
CrossbowsPulley Crossbow
17%
Curved SwordsScavenger's Curved Sword
17%
Great SpearsTreespear
17%
Colossal SwordsTroll's Golden Sword
17%
TwinbladesTwinned Knight Swords
17%
Glintstone StaffsAzur's Glintstone Staff
16%
HalberdsBanished Knight's Halberd
16%
HalberdsCommander's Standard
16%
Glintstone StaffsCrystal Staff
16%
GreatswordsGargoyle's Greatsword
16%
HalberdsGlaive
16%
GreatbowsGolem Greatbow
16%
Light BowsHarp Bow
16%
Medium ShieldsHeater Shield
16%
GreatswordsHelphen's Steeple
16%
AxesHighland Axe
16%
HammersNox Flowing Hammer
16%
Colossal SwordsRoyal Greatsword
16%
Glintstone StaffsStaff of the Guilty
16%
WhipsThorned Whip
16%
Colossal SwordsWatchdog's Greatsword
16%
AxesBattle Axe
14%
FistsCipher Pata
14%
SpearsCleanrot Spear
14%
SpearsCrystal Spear
14%
HammersEnvoy's Horn
14%
BowsErdtree Bow
14%
GreatswordsFlamberge
14%
GreataxesGargoyle's Great Axe
14%
HalberdsGargoyle's Halberd
14%
Colossal WeaponsGolem's Halberd
14%
ReapersHalo Scythe
14%
GreatswordsIron Greatsword
14%
Curved GreatswordsMagma Wyrm's Scalesword
14%
Curved SwordsMantis Blade
14%
Straight SwordsMiquellan Knight's Sword
14%
Straight SwordsNoble's Slender Sword
14%
Straight SwordsOrnamental Straight Sword
14%
Glintstone StaffsPrince of Death's Staff
14%
ClawsRaptor Talons
14%
Straight SwordsRegalia of Eochaid
14%
AxesRosus' Axe
14%
BowsSerpent Bow
14%
GreatswordsSword of Milos
14%
SpearsTorchpole
14%
HammersVarre's Bouquet
14%
Medium ShieldsBrass Shield
13%
Glintstone StaffsCarian Regal Scepter
13%
SpearsCross-Naginata
13%
HammersCurved Club
13%
Colossal WeaponsEnvoy's Greathorn
13%
GreatbowsErdtree Greatbow
13%
AxesForked Hatchet
13%
Colossal WeaponsGhiza's Wheel
13%
Sacred SealsGravel Stone Seal
13%
Great HammersGreat Mace
13%
AxesIcerind Hatchet
13%
GreatswordsInseparable Sword
13%
GreatswordsKnight's Greatsword
13%
Great HammersLarge Club
13%
Straight SwordsLazuli Glintstone Sword
13%
HalberdsLoretta's War Sickle
13%
HalberdsLucerne
13%
Light BowsMisbegotten Shortbow
13%
Curved GreatswordsOnyx Lord's Greatsword
13%
Great HammersPickaxe
13%
Glintstone StaffsRotten Crystal Staff
13%
GreataxesRusted Anchor
13%
Curved SwordsShamshir
13%
HammersSpiked Club
13%
Curved GreatswordsZamor Curved Sword
13%
GreatswordsAlabaster Lord's Sword
12%
GreatswordsBanished Knight's Greatsword
12%
Great HammersBattle Hammer
12%
Curved SwordsBeastman's Curved Sword
12%
Glintstone StaffsCarian Glintblade Staff
12%
SpearsCelebrant's Rib-Rake
12%
FlailsChainlink Flail
12%
Light BowsComposite Bow
12%
Great HammersDevourer's Scepter
12%
Greataxes
Butchering Knife
12%
Colossal WeaponsFallingstar Beast Jaw
12%
GreatswordsForked Greatsword
12%
AxesIron Cleaver
12%
Medium ShieldsKite Shield
12%
GreataxesLonghaft Axe
12%
AxesRipple Blade
12%
Great HammersRotten Battle Hammer
12%
SpearsRotten Crystal Spear
12%
CrossbowsSoldier's Crossbow
12%
Colossal WeaponsStaff of the Avatar
12%
Colossal WeaponsTroll's Hammer
12%
Straight SwordsWarhawk's Talon
12%
GreataxesWinged Greathorn
12%
Glintstone StaffsAlbinauric Staff
11%
Curved GreatswordsBeastman's Cleaver
11%
AxesCelebrant's Cleaver
11%
SpearsClayman's Harpoon
11%
GreataxesCrescent Moon Axe
11%
Great HammersEnvoy's Long Horn
11%
CrossbowsFull Moon Crossbow
11%
TwinbladesGargoyle's Black Blades
11%
BowsHorn Bow
11%
AxesJawbone Axe
11%
HalberdsNightrider Glaive
11%
Colossal WeaponsPrelate's Inferno Crozier
11%
HammersRinged Finger
11%
Colossal WeaponsRotten Staff
11%
AxesSacrificial Axe
11%
HammersScepter of the All-Knowing
11%
Curved SwordsSerpent-God's Curved Sword
11%
Great SpearsSiluria's Tree
11%
HammersStone Club
11%
AxesWarped Axe
11%
Great HammersCelebrant's Skull
9%
FistsClinging Bone
9%
SpearsDeath Ritual Spear
9%
Colossal WeaponsDuelist Greataxe
9%
GreatshieldsErdtree Greatshield
9%
Curved SwordsFlowing Curved Sword
9%
GreataxesGargoyle's Black Axe
9%
Glintstone StaffsGelmir Glintstone Staff
9%
GreataxesGreat Omenkiller Cleaver
9%
Curved SwordsGrossmesser
9%
SpearsInquisitor's Girandole
9%
SpearsIron Spear
9%
FistsKatar
9%
WhipsMagma Whip Candlestick
9%
Curved GreatswordsMonk's Flameblade
9%
HalberdsPest's Glaive
9%
Small ShieldsRickety Shield
9%
Colossal WeaponsRotten Greataxe
9%
SpearsSpiked Spear
9%
Colossal WeaponsWatchdog's Staff
9%
CrossbowsArbalest
8%
Great HammersBeastclaw Greathammer
8%
Medium ShieldsBlue Crest Heater Shield
8%
Great HammersCurved Great Club
8%
Glintstone StaffsDigger's Staff
8%
GreatshieldsDragonclaw Shield
8%
Colossal WeaponsDragon Greatclaw
8%
GreataxesExecutioner's Greataxe
8%
GreatshieldsFingerprint Stone Shield
8%
HalberdsGargoyle's Black Halberd
8%
GreatshieldsOne-Eyed Shield
8%
GreatshieldsSpiked Palisade Shield
8%
FistsVeteran's Prosthesis
8%
HalberdsVulgar Militia Saw
8%
GreatshieldsWooden Greatshield
8%
BowsAlbinauric's Bow
7%
Medium ShieldsBanished Knight's Shield
7%
Medium ShieldsBeastman's Jar Shield
7%
Medium ShieldsCarian Knight's Shield
7%
Small ShieldsCoil Shield
7%
Great HammersCranial Vessel Candlestand
7%
CrossbowsCrepus's Black-Key Crossbow
7%
GreatshieldsCuckoo Greatshield
7%
Great HammersGreathorn Hammer
7%
GreatshieldsIcon Shield
7%
Medium ShieldsInverted Hawk Heater Shield
7%
GreatshieldsJellyfish Shield
7%
GreatshieldsRedmane Greatshield
7%
Medium ShieldsRound Shield
7%
GreatshieldsVisage Shield
7%
HalberdsVulgar Militia Shotel
7%
GreatshieldsAnt's Skull Plate
5%
Medium ShieldsBeast Crest Heater Shield
5%
GreatshieldsCrucible Hornshield
5%
GreatshieldsDragon Towershield
5%
GreatshieldsGilded Greatshield
5%
GreatshieldsGolden Beast Crest Shield
5%
HalberdsGuardian's Swordspear
5%
GreatshieldsInverted Hawk Towershield
5%
Medium ShieldsLarge Leather Shield
5%
GreatshieldsLordsworn's Shield
5%
GreatshieldsManor Towershield
5%
Small ShieldsMan-Serpent's Shield
5%
Medium ShieldsMarred Leather Shield
5%
Medium ShieldsMarred Wooden Shield
5%
Light BowsRed Branch Shortbow
5%
Medium ShieldsRed Crest Heater Shield
5%
Small ShieldsRed Thorn Roundshield
5%
Small ShieldsRift Shield
5%
HalberdsRipple Crescent Halberd
5%
Small ShieldsRiveted Wooden Shield
5%
Small ShieldsScripture Wooden Shield
5%
Small ShieldsShield of the Guilty
5%
Small ShieldsSpiralhorn Shield
5%
Medium ShieldsAlbinauric's Shield
4%
Medium ShieldsBlack Leather Shield
4%
Medium ShieldsBlue-Gold Kite Shield
4%
Small ShieldsBlue-White Wooden Shield
4%
GreatshieldsBriar Greatshield
4%
Medium ShieldsCandletree Wooden Shield
4%
GreatshieldsCrossed-Tree Towershield
4%
GreatshieldsDistinguished Greatshield
4%
GreatshieldsEclipse Crest Greatshield
4%
Medium ShieldsEclipse Crest Heater Shield
4%
Medium ShieldsFlame Crest Wooden Shield
4%
Small ShieldsGilded Iron Shield
4%
GreatshieldsGolden Greatshield
4%
Medium ShieldsGreat Turtle Shell
4%
GreatshieldsHaligtree Crest Greatshield
4%
Medium ShieldsHawk Crest Wooden Shield
4%
Medium ShieldsHorse Crest Wooden Shield
4%
Small ShieldsIce Crest Shield
4%
Small ShieldsIron Roundshield
4%
Small ShieldsPerfumer's Shield
4%
Small ShieldsPillory Shield
4%
Medium ShieldsScorpion Kite Shield
4%
Medium ShieldsSilver Mirrorshield
4%
Small ShieldsSmoldering Shield
4%
Medium ShieldsSun Realm Shield
4%
Medium ShieldsTwinbird Kite Shield
4%
ClawsVenemous Fang
4%
HammersMonk's Flamelance
3%

Score Distribution

Percentile by Number Answered

Percent of People with Each Score

Your Score History

You have not taken this quiz